US States That Voted Democratic For Last 7 Elections - Statistics

General Stats
  • This quiz has been taken 3,174 times
    2,079 since last reset
  • The average score is 13 of 15
Answer Stats
state % Correct
California
99%
New York
97%
Washington
97%
Oregon
96%
Vermont
94%
Rhode Island
93%
Maine
92%
Maryland
89%
New Jersey
89%
Connecticut
86%
Delaware
86%
Illinois
84%
Massachusetts
84%
Hawaii
82%
Minnesota
81%
No matching quizzes found
Score Distribution
Percent of People with Each Score
Percentile by Number Answered
Your Score History
You have not taken this quiz since the last reset